Szczegóły MARC21

Handel zagraniczny /

003 -Nazwa inst., której nr kontr. jest w polu 001 [,]
    • @
    • Nazwa instytucji, której n kontrolny jest w polu 001
    • NUKAT
005 -DATA I CZAS OSTATNIEJ MODYFIKACJI [,]
    • @
    • pole kontrolne
    • 20241231115407.0
020 -Międzynarod. znormalizowany nr książki - ISBN [ , ]
    • a
    • Numer ISBN
    • 8385798161 Find
040 -Instytucja sporządzająca opis [ , ]
    • a
    • Instytucja, która sporządziła opis (NP)
    • WA M/ES
    • c
    • Instytucja, która sporządziła rekord (NP)
    • WA M/ES
    • d
    • Instytucja, która zmodyfikowała rekord (P)
    • WA M/IW
    • d
    • Instytucja, która zmodyfikowała rekord (P)
    • Ł U/ips
942 -Rodzaj dokumentu [ , ]
    • c
    • Rodzaj dokumentu
    • Książka
245 -Strefa tytułu i oznaczenia odpowiedzialności [0,0]
    • a
    • Tytuł
    • Handel zagraniczny / Find
    • c
    • Pozostałe elementy strefy tytułu i oznaczenia odpowiedzialności (NP)
    • [red. nauk. Jerzy Dudziński ; aut. Jerzy Dudziński et al.] ; Uniwersytet Szczeciński.
260 -Strefa adresu wydawniczego [ , ]
    • a
    • Miejsce wydania (P)
    • Szczecin :
    • b
    • Nazwa wydawcy (P)
    • Wydawnictwo Naukowe Uniwersytetu Szczecińskiego,
    • c
    • Data wydania (P)
    • 1993.
300 -Strefa opisu fizycznego [ , ]
    • a
    • Określenie formy książki i/lub objętość (NP)
    • 278 s. ;
    • c
    • Format (NP)
    • 25 cm.
336 -Typ zawartości [ , ]
    • a
    • Termin opisujący typ zawartości
    • Tekst
    • b
    • Kod określający zawartość
    • txt
    • 2
    • Źródło (terminu i kodu)
    • rdacontent
337 -Typ mediów [ , ]
    • a
    • Tryb odtwarzania
    • Bez urządzenia pośredniczącego
    • b
    • Kod typu mediów
    • n
    • 2
    • Źródło (terminu i kodu)
    • rdamedia
338 -Typ/rodzaj nośnika [ , ]
    • a
    • Hasło opisujące typ nośnika
    • Wolumin
    • b
    • Kod typu nośnika
    • nc
    • 2
    • Źródło (terminu i kodu)
    • rdacarrier
504 -Uwaga dot. bibliogr. załącznikowej [ , ]
    • a
    • Uwaga dot. bibliografii załącznikowej
    • Bibliogr. s. 273-276.
521 -Uwaga dot. przeznaczenia czytelniczego [8, ]
    • a
    • Uwaga dot. przeznaczenia czytelniczego
    • Skrypt dla studentów kierunków ekonomicznych.
650 -Hasło przedmiotowe [ ,7]
    • a
    • Hasło przedmiotowe
    • Handel międzynarodowy
    • v
    • Określnik formalny
    • podręczniki akademickie.
    • 2
    • Źródło terminu
    • kaba
    • 9
    • KHW
    • 349642
700 -Hasło dodatkowe - nazwa osobowa [1, ]
    • a
    • Nazwa osobowa (NP)
    • Dudziński, Jerzy Find
    • d
    • Daty biograficzne (NP)
    • (1947- ).
    • 9
    • KHW
    • 14129
710 -Hasło dodatkowe - nazwa ciała zbiorowego [2, ]
    • a
    • Nazwa ciała zbiorowego lub nazwa geograficzna jako pierwszy element (NP)
    • Uniwersytet Szczeciński.
    • b
    • Nazwa jednostki podrzędnej (P)
    • Wydawnictwo Naukowe.
    • 4
    • Kod relacji
    • pbl
    • 9
    • KHW
    • 51208
920 -ISBN [ , ]
    • a
    • ISBN
    • 83-85798-16-1 Find
Data inwentaryzacji Lokalizacja Sygnatura Numer inwentarzowy Status udost.
1994-09-27BE E.61849-2
1994-09-27BE S.757102
1994-09-27BE S.757112
1994-09-27BE S.757122
1994-09-27BE S.757132
1994-09-27BE S.757142
1994-09-27BE S.757152
1994-09-27BE S.757162
1994-09-27BE S.757172
1994-09-27BE S.757182
1994-09-27BE S.757192
1994-09-27BE S.757202
1994-09-27BE S.757212
1994-09-27BE S.757222
1994-09-27BE S.757232
1994-09-27BE S.757242
1994-09-27BE S.757252
1994-09-27BE S.757262
1994-09-27BE S.757272
1994-09-27BE S.757282
1994-09-27BE S.757292
1994-09-27BE S.75738-6
1996-09-17BE S.788812
1996-09-17BE S.788822
1996-09-17BE S.788832
1996-09-17BE S.788842
1996-09-17BE S.788852
1996-09-17BE S.788862
1996-09-17BE S.788872
1996-09-17BE S.788882
1996-10-03BE S.792512
1996-10-03BE S.792522
1997-09-30BE S.80935-3
1997-10-14BE S.811082
1999-06-23BGW.199350W.199350-3
1994-09-27T TS.75744-11
1994-09-27T TS.75709-11
1994-09-27T TS.75730-11
1994-09-27T TS.75731-11
1994-09-27T TS.75732-11
1994-09-27T TS.75733-11
1994-09-27T TS.75734-11
1994-09-27T TS.75735-11
1994-09-27T TS.75736-11
1994-09-27T TS.75737-11
1994-09-27T TS.75739-11
1994-09-27T TS.75740-11
1994-09-27T TS.75741-11
1994-09-27T TS.75742-11
1994-09-27T TS.75743-11
1994-09-27T TS.75745-11
1994-09-27T TS.75746-11
1994-09-27T TS.75747-11
1994-09-27T TS.75748-11